Регионална библиотека "Любен Каравелов" - Русе

Дебелянов (Запис номер 105934)

MARC детайли
000 -Лидер
Контролно поле с фиксирана дължина 01833nam a2200421 c 4500
003 - Код на организацията, давaща контролен номер
Контролно поле BLK
005 - Дата и час на последна редакция
Контролно поле 20241017105411.0
008 - Елементи от данни с фиксирана дължина
fixed length control field 180409b bul|||||r ||||||| ||bul||
010 ## - Наследен системен номер
LC control number KNG00111186000
020 ## - Международен стандартен номер на книга ISBN
Международен стандартен номер на книга ISBN 954-439-753-1
-- издат.: Слово
040 ## - Източник на каталожния запис
Идентификатор на билиотеката - собственик на записа BLK
041 ## - Код за език
Код за езика на текст/звукозапис или на отделно заглавие Български
Код за езика КДБФ Български
080 ## - УДК
Текстов определител УДК Българска литература
УДК код - определител по УДК 821.163.2
УДК определител -1.09
УДК - код + определител 821.163.2-1.09
080 ## - УДК
Текстов определител УДК Българска литература
УДК код - определител по УДК 821.163.2
УДК определител (092)
УДК - код + определител 821.163.2(092)
080 ## - УДК
Текстов определител УДК Български поет
УДК код - определител по УДК 929 Дебелянов, Димчо Вельов
УДК определител
УДК - код + определител 929 Дебелянов, Димчо Вельов
139 ## - Редно поле
Редна дума Дебелянов
Авторски знак Деб - Д 31
245 10 - Сведения за заглавието
Заглавие Дебелянов
Подзаглавни данни Съвр. интерпретации
Редно поле (дума) състав. Николай Димитров.
257 ## - Страна на издаване
Страна на създаване/издаване България
260 ## - Област на издателските данни
-- В. Търново
Име на издателя, разпространителя и проч. Слово
Година на издаване 2003
Печатница В. Търново : Абагар
300 ## - Физическа характеристика
Страници 263 с.
Размери/Мащаб 20 см
380 ## - Жанр
Жанр Литературознание
490 1# - СЕРИИ (Колекции)
Име на серия Библ. Разночетения
№: серия 2
500 ## - Общи забележки
Забележка Офс. изд. - Съдържа и Литература за Димчо Дебелянов 1990-2002. -Библиогр. под линия.
600 #0 - Име на лице, използвано като предмет
За него / За нея Дебелянов, Димчо Вельов
9 (RLIN) 363389
650 #4 - Допълнително описание по предмет – тема
Основно описание – тема или топоним Поети, български - творчество
9 (RLIN) 250545
650 #4 - Допълнително описание по предмет – тема
Основно описание – тема или топоним Дебелянов, Димчо Вельов - живот и дейност
9 (RLIN) 152919
653 ## - Ключова дума – ненормативна
Ключова дума Димчо Дебелянов
653 ## - Ключова дума – ненормативна
Ключова дума български поети
653 ## - Ключова дума – ненормативна
Ключова дума творчество
653 ## - Ключова дума – ненормативна
Ключова дума интерпретации
700 1# - Други автори (авторска отговорност)
Лично име Димитров, Николай
Автороска отговорност (Описва отношението между автора и произведението) състав.
9 (RLIN) 364792
852 ## - Местоположение
Форматна сигнатура Цб 218169
856 4# - Електронен адрес и достъп
Електронен формат pdf - файл
Път до файла /url/
856 4# - Електронен адрес и достъп
Електронен формат pdf - файл
Път до файла /url/
942 ## - АРТИКУЛИ
Вид на библиотечния материал Книги
Скрит в OPAC Не
Koha issues (borrowed), all copies 1
944 ## - СЪЗДАВАНЕ И РЕДАКЦИЯ на ЗАПИСА
Създаване/Редакция Създаване
Дата на регистрацията/редакция 19.02.2004
Служител, извършил регистрацията/редакцията 30550
Статус, дата на статуса Кети Илиева
944 ## - СЪЗДАВАНЕ И РЕДАКЦИЯ на ЗАПИСА
Създаване/Редакция Редакция
Дата на регистрацията/редакция 23.09.2004
Служител, извършил регистрацията/редакцията
999 ## - СИСТЕМНИ КОНТРОЛНИ НОМЕРА
Koha biblionumber 105934
Koha biblioitemnumber 105934
Наличности
Код за отписване Код за изгубен артикул Код за повреда Коз за рестрикции Код за отдаване Артикулен № Име на библиотеката - собственик Име на библиотеката, в която се намира в момента Статус (Текущо местоположение) Дата на вписване в системата Местоположение - отдел Цена в лева Инвентарен номер Систематично азбучна сигнатура Баркод Номер на екземпляра Цена в евро Служебна бележка Служебен тип на артикула Източник на класификационната схема
  Не е изгубен Не е повреден без рестрикции ползва се в читалня 170938 Регионална библиотека "Любен Каравелов" Русе Регионална библиотека "Любен Каравелов" Русе Хранилище 2004-02-19 Хранилище 6.00 120000682850 Цб 218169 120000682850 1 3.07 Дост: Dp Вид: Д N: 13 Дата: 12.03.2003 Книги  
  Не е изгубен Не е повреден без рестрикции заемане за дома 170939 Регионална библиотека "Любен Каравелов" Русе Регионална библиотека "Любен Каравелов" Русе Заемна - подръчен фонд 2004-09-13 Заемна - подръчен фонд 6.00 120000688285 П 821.163.2.09(092)/Д 31 120000688285 2 3.07 Дост: Pk Вид: Ф N: 8881 Дата: 03.09.2004 Дата инв: 07.02.2018 Бележки инв: П2018 Книги Universal Decimal Classification
  Не е изгубен Не е повреден без рестрикции заемане за дома 170940 Регионална библиотека "Любен Каравелов" Русе Регионална библиотека "Любен Каравелов" Русе Заемна - подръчен фонд 2004-09-13 Заемна - подръчен фонд 6.00 120000688286 П 821.163.2.09(092)/Д 31 120000688286 3 3.07 Дост: Pk Вид: Ф N: 8881 Дата: 03.09.2004 Дата инв: 07.02.2018 Бележки инв: П2018 Книги Universal Decimal Classification
  Не е изгубен Не е повреден без рестрикции заемане за дома 170941 Регионална библиотека "Любен Каравелов" Русе Регионална библиотека "Любен Каравелов" Русе Заемна - подръчен фонд 2004-09-13 Заемна - подръчен фонд 6.00 120000688287 П 821.163.2.09(092)/Д 31 120000688287 4 3.07 Дост: Pk Вид: Ф N: 8881 Дата: 03.09.2004 Дата инв: 07.02.2018 Бележки инв: П2018 Книги Universal Decimal Classification
  Не е изгубен Не е повреден без рестрикции заемане за дома 170942 Регионална библиотека "Любен Каравелов" Русе Регионална библиотека "Любен Каравелов" Русе Заемна - подръчен фонд 2004-09-13 Заемна - подръчен фонд 6.00 120000688288 П 821.163.2.09(092)/Д 31 120000688288 5 3.07 Дост: Pk Вид: Ф N: 8881 Дата: 03.09.2004 Дата инв: 07.02.2018 Бележки инв: П2018 Книги Universal Decimal Classification
  Не е изгубен Не е повреден без рестрикции ползва се в читалня 170943 Регионална библиотека "Любен Каравелов" Русе Регионална библиотека "Любен Каравелов" Русе Читалня 2004-09-13 Читалня 6.00 120000688289 Ч 821.163.2.09(092)/Д 31 120000688289 6 3.07 Дост: Pk Вид: Ф N: 8881 Дата: 03.09.2004 Дата инв: 27.03.2017 Бележки инв: Ч2017 Книги Universal Decimal Classification
Vip Innovations Ltd, Rousse, Bulgaria 2025